<?xml version="1.0" encoding="UTF-8"?>
<record
    xmlns:xsi="http://www.w3.org/2001/XMLSchema-instance"
    xsi:schemaLocation="http://www.loc.gov/MARC21/slim http://www.loc.gov/standards/marcxml/schema/MARC21slim.xsd"
    xmlns="http://www.loc.gov/MARC21/slim">

  <leader>00764nam a22001457a 4500</leader>
  <controlfield tag="008">190717b        xxu||||| |||| 00| 0 eng d</controlfield>
  <datafield tag="020" ind1=" " ind2=" ">
    <subfield code="a">9789563983326</subfield>
  </datafield>
  <datafield tag="082" ind1=" " ind2=" ">
    <subfield code="a">700.74</subfield>
    <subfield code="b">SA122o</subfield>
  </datafield>
  <datafield tag="100" ind1=" " ind2=" ">
    <subfield code="a">Dagmara Wyskiel (Directora editorial)</subfield>
    <subfield code="9">7107</subfield>
  </datafield>
  <datafield tag="245" ind1=" " ind2=" ">
    <subfield code="a">SACO7 S&#xE9;ptima Versi&#xF3;n de SACO, Festival de Arte Contempor&#xE1;neo / Antofagasta, Chile 2018</subfield>
  </datafield>
  <datafield tag="260" ind1=" " ind2=" ">
    <subfield code="a">Antofagasta</subfield>
    <subfield code="b">Colectivo SE VENDE, Plataforma M&#xF3;vil de Arte Contempor&#xE1;neo</subfield>
    <subfield code="c">2018</subfield>
  </datafield>
  <datafield tag="300" ind1=" " ind2=" ">
    <subfield code="a">190 p.</subfield>
    <subfield code="b">ill (col).</subfield>
    <subfield code="c">20 x 14 cm</subfield>
  </datafield>
  <datafield tag="505" ind1=" " ind2=" ">
    <subfield code="t">Origen y Mito</subfield>
    <subfield code="t">Museo sin Museo</subfield>
    <subfield code="t">Escuela sin Escuela</subfield>
    <subfield code="t">Residencias / Territorio</subfield>
    <subfield code="t">Desiertos Intervenidos II</subfield>
    <subfield code="t">Colectivo Se Vende: Una Memoria</subfield>
  </datafield>
  <datafield tag="650" ind1=" " ind2=" ">
    <subfield code="2">Arte contemporaneo</subfield>
    <subfield code="v">Arte - festival</subfield>
    <subfield code="x">Arte - exhibiciones</subfield>
    <subfield code="x">Festival de arte contempor&#xE1;neo</subfield>
    <subfield code="z">Autofagasta - Chile</subfield>
    <subfield code="9">7108</subfield>
  </datafield>
  <datafield tag="999" ind1=" " ind2=" ">
    <subfield code="c">1816</subfield>
    <subfield code="d">1816</subfield>
  </datafield>
  <datafield tag="952" ind1=" " ind2=" ">
    <subfield code="0">0</subfield>
    <subfield code="1">0</subfield>
    <subfield code="2">ddc</subfield>
    <subfield code="4">0</subfield>
    <subfield code="7">0</subfield>
    <subfield code="a">LV</subfield>
    <subfield code="b">LV</subfield>
    <subfield code="c">Eventos y Bienales</subfield>
    <subfield code="d">2019-07-17</subfield>
    <subfield code="l">0</subfield>
    <subfield code="o">700.74 SA122o</subfield>
    <subfield code="p">004768</subfield>
    <subfield code="r">2019-07-17 00:00:00</subfield>
    <subfield code="w">2019-07-17</subfield>
    <subfield code="y">01</subfield>
  </datafield>
</record>
